|
|
|
|
| LEADER |
01544nam a2200421 a 4500 |
| 001 |
EBC589329 |
| 003 |
MiAaPQ |
| 005 |
20200520144314.0 |
| 006 |
m o d | |
| 007 |
cr cn||||||||| |
| 008 |
050216s2004 enk sb 001 0 eng d |
| 010 |
|
|
|z 2005295768
|
| 015 |
|
|
|a GBA450467
|2 bnb
|
| 016 |
7 |
|
|z 012950214
|2 Uk
|
| 020 |
|
|
|z 0719067146 (hbk.)
|
| 020 |
|
|
|z 0719067154 (pbk.)
|
| 024 |
4 |
|
|a 9780719067143
|
| 024 |
4 |
|
|a 9780719067150
|
| 035 |
|
|
|a (MiAaPQ)EBC589329
|
| 035 |
|
|
|a (Au-PeEL)EBL589329
|
| 035 |
|
|
|a (CaPaEBR)ebr10096101
|
| 035 |
|
|
|a (CaONFJC)MIL73460
|
| 035 |
|
|
|a (OCoLC)271571061
|
| 040 |
|
|
|a MiAaPQ
|c MiAaPQ
|d MiAaPQ
|
| 050 |
|
4 |
|a PR9199.3.M494
|b Z76 2004
|
| 082 |
0 |
4 |
|a 823.9'14
|2 22
|
| 100 |
1 |
|
|a Morey, Peter.
|
| 245 |
1 |
0 |
|a Rohinton Mistry
|h [electronic resource] /
|c Peter Morey.
|
| 260 |
|
|
|a Manchester ;
|a New York :
|b Manchester University Press ;
|a New York :
|b Distributed exclusively in the USA by Palgrave,
|c 2004.
|
| 300 |
|
|
|a xiii, 209 p.
|
| 490 |
1 |
|
|a Contemporary world writers
|
| 504 |
|
|
|a Includes bibliographical references (p. [197]-204) and index.
|
| 533 |
|
|
|a Electronic reproduction. Ann Arbor, MI : ProQuest, 2015. Available via World Wide Web. Access may be limited to ProQuest affiliated libraries.
|
| 600 |
1 |
0 |
|a Mistry, Rohinton,
|d 1952-
|x Criticism and interpretation.
|
| 655 |
|
4 |
|a Electronic books.
|
| 710 |
2 |
|
|a ProQuest (Firm)
|
| 830 |
|
0 |
|a Contemporary world writers.
|
| 856 |
4 |
0 |
|u https://ebookcentral.proquest.com/lib/matrademy/detail.action?docID=589329
|z Click to View
|